Sabiduría primitiva de los italianos: desentrañada de los orígenes de la lengua latina 1710

Saved in:
Bibliografiske detaljer
Hovedforfatter: Vico, Giambattista (Author)
Format: Bog
Sprog:spansk
Udgivet: Buenos Aires Instituto de Filosofía 1939
Fag:
Tags: Tilføj Tag
Ingen Tags, Vær først til at tagge denne postø!

MARC

LEADER 00000nam a2200000 a 4500
001 UCY8244
003 CL-VaPUC
008 950703e19390000AG |||||||||||||||||spa|d
082 0 4 |a 195  |b VIC  |2 21 
100 0 |a Vico, Giambattista  |e author  |9 266513 
245 1 0 |a Sabiduría primitiva de los italianos: desentrañada de los orígenes de la lengua latina 1710 
300 |a 142 p 
942 |c BK 
945 |d 19950703 00:00:00  |a aalvarez 
260 |a Buenos Aires  |b Instituto de Filosofía  |c 1939 
650 0 |a Filosofía italiana  |9 265241 
583 |a last modification  |c 19950703 00:00:00  |k Rodrigo Vera 
999 |c 235519  |d 235517 
952 |0 0  |1 0  |4 0  |6 195_000000000000000_VIC_1939  |7 0  |8 A  |9 243008  |a BIBEDU  |b BIBEDU  |c BIBEDU_PB  |d 2019-11-18  |i 3098435  |o 195 VIC 1939  |p 3098435  |r 2024-01-25  |w 2019-11-18  |y BK  |k FIL